000 00383nam a22001697a 4500
003 MPLRDC
005 20220104170523.0
008 210129b ||||| |||| 00| 0 eng d
020 _a0-7493-0212-7
082 _a870.57 CHE
100 _aC.J. CHERRYH
245 _aHUNTER OF WORLDS
_c
260 _a
_bMANDARIN
_c
300 _b
650 _aFICTION
942 _cBK
_o870.57 CHE
999 _c57990
_d57980